Statistiques concernant Les pays ayant 4 lettres

Cliquez ici pour prendre le quiz!

Statistiques générales

  • Ce quiz a été pris 22,682 fois
  • Le résultat moyen est 6 sur 8

Statistiques - réponses

Continent Pays % Correct
Amérique du NordCuba
82%
AfriqueTogo
79%
AsieLaos
76%
AsieInde
75%
AsieIran
75%
AfriqueMali
75%
AsieIrak
74%
AsieOman
63%

Distribution des résultats

Percentile par nombre de réponses

% des personnes avec chaque résultat

Votre développement - résultats

Vous n’avez pas pris ce quiz